UK Reptiles - Statistics

General Stats
  • This quiz has been taken 95 times
  • The average score is 5 of 11
Answer Stats
Reptiles % Correct
Adder
94%
Grass Snake
91%
Slow Worm
71%
Common Lizard
67%
Sand Lizard
52%
Smooth Snake
50%
Green Sea Turtle
12%
Leatherback Sea Turtle
12%
Loggerhead Sea Turtle
8%
Hawksbill Sea Turtle
3%
Kemp's Ridley Sea Turtle
2%
No matching quizzes found
Score Distribution
Percent of People with Each Score
Percentile by Number Answered
Your Score History
You have not taken this quiz